Osnovnyje napravlenija povyšenija effektivnosti proizvodstva v promyšlennosti /

Saved in:
Bibliographic Details
Main Authors: Dembinskij, N.V (Author), Chrjapčenkov, V.G (Author)
Format: Book
Language:Russian
Published: Minsk : Vyšča škola, 1976
Tags: Add Tag
No Tags, Be the first to tag this record!

MARC

LEADER 00000nam a22000003a 4500
001 stu35486
005 20150617225727.5
008 920427s1976----xxr-----------------rus-d
040 |a STU  |b slo 
041 0 |a rus 
044 |a xxr 
100 1 |a Dembinskij, N.V  |4 aut 
245 1 |a Osnovnyje napravlenija povyšenija effektivnosti proizvodstva v promyšlennosti /  |c [aut.]N.V. Dembinskij, V.G. Chrjapčenkov 
260 |a Minsk :  |b Vyšča škola,  |c 1976 
300 |a 299 s 
700 1 |a Chrjapčenkov, V.G  |4 aut 
996 |b 284M012043  |c M*6005-1  |l MMKN  |s A  |a 24  |w stu35486_0001